ბათუმის შოთა რუსთაველის სახელმწიფო უნივერსიტეტის ბიბლიოთეკა

MIT Erfolg Zum Testdaf : (ბიბ.ჩანაწერი № 55509)

000 -LEADER
fixed length control field 00823nam a2200253Ia 4500
001 - CONTROL NUMBER
control field 22591
003 - CONTROL NUMBER IDENTIFIER
control field GE_BSU
005 - DATE AND TIME OF LATEST TRANSACTION
control field 20230331170351.0
008 - FIXED-LENGTH DATA ELEMENTS--GENERAL INFORMATION
fixed length control field 181216s ||||-ge|||||||||||||| ||ger||
020 ## - INTERNATIONAL STANDARD BOOK NUMBER
International Standard Book Number 9783126757850
040 ## - CATALOGING SOURCE
Transcribing agency GE_BSU
041 ## - LANGUAGE CODE
Language code of text/sound track or separate title gre
080 ## - UNIVERSAL DECIMAL CLASSIFICATION NUMBER
Universal Decimal Classification number 811.112.1 F-11
100 ## - MAIN ENTRY--PERSONAL NAME
Personal name Fazlic-Walter, Ksenija
9 (RLIN) 17409
245 ## - TITLE STATEMENT
Title MIT Erfolg Zum Testdaf :
Remainder of title Ubungs- Und Testbuch inklusive 2Audio -CDs /
Statement of responsibility, etc. Ksenija Fazlic-Walter, Wenger Wolfgang.
264 ## - PRODUCTION, PUBLICATION, DISTRIBUTION, MANUFACTURE, AND COPYRIGHT NOTICE
Place of production, publication, distribution, manufacture Stuttgard :
Name of producer, publisher, distributor, manufacturer Ernst Klett Sprachen,
Date of production, publication, distribution, manufacture, or copyright notice 2009.
300 ## - PHYSICAL DESCRIPTION
Extent 180 p. :
Other physical details ill ;
Dimensions 29 cm.
Accompanying material +2CD-Rom TestDaf B2-C-1
653 ## - INDEX TERM--UNCONTROLLED
keyword MIT Erfolg Zum Testdaf
653 ## - INDEX TERM--UNCONTROLLED
keyword Ubungs- Und Testbuch inklusive 2Audio -CDs
653 ## - INDEX TERM--UNCONTROLLED
keyword გერმანული ენა
700 ## - ADDED ENTRY--PERSONAL NAME
Personal name Wolfgang, Wenger
Relator term by
9 (RLIN) 17410
942 ## - ADDED ENTRY ELEMENTS (KOHA)
Koha item type წიგნი
Source of classification or shelving scheme
ეგზემპლარები
Withdrawn status Lost status Source of classification or shelving scheme Damaged status Not for loan Permanent Location Current Location Shelving location Date acquired Cost, normal purchase price Full call number Barcode Date last seen Copy number Price effective from Koha item type Public note
          ბათუმის შოთა რუსთაველის სახელმწიფო უნივერსიტეტის მთავარი ბიბლიოთეკა ბათუმის შოთა რუსთაველის სახელმწიფო უნივერსიტეტის მთავარი ბიბლიოთეკა წიგნსაცავი 2018-12-17 80.00 811.112.1 F-11 57870 2018-12-17 57870 2018-12-17 წიგნი 80.00 GEL.